Game of Thrones de A à Z - Statistiques

Statistiques générales
  • Ce quiz a été pris 3 892 fois
  • Le résultat moyen est 16 sur 23
Statistiques - réponses
Réponse % Correct
Arya
99%
Baratheon
98%
Feu
89%
Vin
84%
Khal
82%
Littlefinger
79%
Snow
79%
Winterfell
79%
Clegane
76%
Tywin
75%
Dorne
70%
Iles de Fer
70%
Oberyn
70%
Ygritte
68%
Hautjardin
63%
Mélisandre
61%
Gendry
59%
Nymeria
51%
Jumeaux
49%
Eyrié
42%
Route Royale
42%
Pentos
39%
Qarth
36%
Aucun quiz correspondant
Distribution des résultats
% des personnes avec chaque résultat
Percentile par nombre de réponses
Votre historique - résultats
Vous n’avez pas pris ce quiz